000 00431nmm a2200145Ia 4500
008 251105s9999||||xx |||||||||||||||||und||
041 _aspa
100 _aRice, Anne
245 0 _aLos lobos del invierno :
_b Crónicas del Lobo 2
264 _a[Madrid, España] :
_bEdiciones B,
_c2014
300 _a464 páginas
650 _aScience fiction & Fantasy
856 _uhttps://public.digitaliapublishing.com/a/53457
942 _cCF
999 _c104914
_d104914